00361nam a2200145Ia 4500008004100000082001700041100002100058245002700079250000800106260002500114300000800139500002400147650001400171700003000185230524s9999 xx 000 0 und d a302.231bBEE aFerdinand P.Beer 0aMechanics of Materials a3RD aNEW DELHIbTMHc2004 a780 aQuantity Number: 3 aMechanics a E.Russell Johnston et.al